01251nam a2200301 a 4500008004100000020001800041040002500059041001800084044001100102080002500113080001000138110004500148245027200193260003600465300004300501500002500544500008800569505002200657651007100679700002000750700002100770700002400791700003000815700002500845700002700870700002700897700002500924980113s1997 m yxo 0 slo c a8090049397c9 aSNKbslocSNKeAACR21 asloageraeng axocSK a908.234.372.4(084.4) a796.50 aMAPA Slovakia Bratislava, Slovensko4aut10aŠarišhkartografický dokumentbpodrobný atlas regiónucspracovala MAPA Slovakia s.r.o, Bratislava ; riadiaci redaktor: A. Magula ; technický redaktor: B. Glos ; mapová časť: D. Šándor, A. Fuknová, G. Glosová ; textová časť: K. Ondrejka aBratislavabMAPA Slovakiac1997 a1 atlas (96 s.)bmapy a textc30x21 cm aText aj nem. a angl. aObs. inform., graf. mierky, klad l., pl., rekl., vysvetl. Red. uzávierka 1.7.19970 aObsahuje 13 máp07aŠariš (Slovensko)xatlasy regiónovxmapy orientačné2SNK1 aMagula, A.4lso1 aGlos, Boris4lso1 aŠándor, D.4wam1 aFuknová, Alexandra4wam1 aGlosová, Dana4wam1 aOndrejka, Kliment4lyr1 aČeman, Róbert4bjd1 aDugas, Dionýz4pht